| 000 | 00691nam a22002297a 4500 | ||
|---|---|---|---|
| 008 | 130908b xxu||||| |||| 00| 0 eng d | ||
| 024 | _cAvailable | ||
| 037 | _cAvailable | ||
| 040 |
_aMBSTU LIBRARY _dMBSTU LIBRARY |
||
| 082 |
_222 _a547 MAF |
||
| 100 | _aMacmurry, John. | ||
| 245 | _aFundamental of organic chemistry . | ||
| 260 |
_aLondon _bBooks Coles Publishing Company. _c1998 |
||
| 300 |
_a25 cm. _b566 page _f1 _g25 cm. |
||
| 600 | _2Organic chemistry. | ||
| 650 | _2Organic chemistry. | ||
| 700 | _aMacmurry, John. | ||
| 270 |
_aLondon _bLondon _dKSA |
||
| 365 |
_b6875.00 _d6875.00 |
||
| 942 |
_2ddc _cBK |
||
| 999 |
_c654 _d654 |
||